000 00384pam a2200157a 44500
008 230515b1983 xxu||||| |||| 00| 0 eng d
020 _aNULL
041 _aENGL
082 _a526.9 / CLA
100 _aCLARK D
245 _aPLANE AND GEODETIC SURVEYING FOR ENGINEERS HIGHER SURVEYING VOL2
250 _aN.D.
260 _aNULL
_bC.B.S
_c1983
300 _a208 PB
650 _aNULL
999 _c617670
_d617670